| 000 | 00993nam a2200313 a 4500 | ||
|---|---|---|---|
| 001 | 000012171 | ||
| 005 | 20250715102322.0 | ||
| 008 | 091106s2008 dr a 001 0 spa d | ||
| 020 | _a9789993459033 | ||
| 040 |
_aDO-SdBNP _bspa _cBNPHU |
||
| 082 |
_a634.44 _bL512g |
||
| 100 | 1 |
_aLeger, Rafael _928769 |
|
| 245 | 1 | 0 |
_aGuía técnica : _bel cultivo de mango / _cRafael Leger. |
| 260 |
_aSanto Domingo, : _bCEDAF, _c2008. |
||
| 300 |
_a148 p. : _bil. ; _c27 cm. |
||
| 490 | 1 | _aCultivos | |
| 650 | 4 |
_aMangos _xProducción _928770 |
|
| 650 | 4 |
_aMangos _xComercialización _928771 |
|
| 650 | 4 |
_aMangos _xCultivo _928772 |
|
| 650 | 4 |
_aMangos _xEnfermedades y plagas _928773 |
|
| 650 | 0 |
_aMercado de exportación _928774 |
|
| 650 | 4 |
_aMangos _xVariedades _928775 |
|
| 650 | 4 |
_aMangos _xSiembra _928776 |
|
| 650 | 4 |
_aFrutas tropicales _928777 |
|
| 650 | 4 |
_aMangos _xCosecha _928778 |
|
| 710 | 2 |
_aCentro para el Desarrollo Agropecuario y Forestal _9519 |
|
| 830 | 0 |
_aCultivos _928768 |
|
| 049 | _aBNPD | ||
| 999 |
_c11836 _d11836 |
||